PHARMACEUTICAL ENGINEERING (Record no. 5873)

MARC details
000 -LEADER
fixed length control field 00476nam a22001817a 4500
005 - DATE AND TIME OF LATEST TRANSACTION
control field 20240109104630.0
008 - FIXED-LENGTH DATA ELEMENTS--GENERAL INFORMATION
fixed length control field 190528b xxu||||| |||| 00| 0 eng d
020 ## - INTERNATIONAL STANDARD BOOK NUMBER
ISBN 978-93-88194-34-1
041 ## - LANGUAGE CODE
Language code of text/sound track or separate title eng
082 ## - DEWEY DECIMAL CLASSIFICATION NUMBER
Classification number 615.19
100 ## - MAIN ENTRY--AUTHOR NAME
Personal name PARASHAR, DR. BHARAT GUPTA ANSHU AND SHUKLA TRIPTI
245 ## - TITLE STATEMENT
Title PHARMACEUTICAL ENGINEERING
250 ## - EDITION STATEMENT
Edition statement 1st, Ed., 2018
260 ## - PUBLICATION, DISTRIBUTION, ETC. (IMPRINT)
Place of publication PUNE
Name of publisher NIRALI PRAKASHAN
300 ## - PHYSICAL DESCRIPTION
Number of Pages I.2 p.
650 ## - SUBJECT ADDED ENTRY--TOPICAL TERM
Topical Term PHARMACY
General subdivision B.PHARMA
942 ## - ADDED ENTRY ELEMENTS (KOHA)
Koha item type Books
Holdings
Lost status Damaged status Collection code Home library Current library Shelving location Date acquired Source of acquisition Cost, normal purchase price Full call number Accession Number Koha item type
    Reference JRU Library JRU Library SHELF-5-D 28/05/2019 PURCHESS 170.00 615.19 22794 Books
    PHARMACY JRU Library JRU Library Shelf - 26- A 28/05/2019 PURCHESS 170.00 615.19 22795 Books
    PHARMACY JRU Library JRU Library Shelf - 26- A 28/05/2019 PURCHESS 170.00 615.19 22796 Books
    PHARMACY JRU Library JRU Library Shelf - 26- A 10/02/2022 PURCHASE 225.00 615.19 26208 Books
    PHARMACY JRU Library JRU Library Shelf - 26- A 10/02/2022 PURCHASE 225.00 615.19 26209 Books
    PHARMACY JRU Library JRU Library Shelf - 26- A 10/02/2022 PURCHASE 225.00 615.19 26210 Books